000 01014nam a2200361 a 4500
001 vtls000183811
003 NLI
005 20210602111251.0
008 101125s2006 nyu 001 0 eng
020 _a0415391431 :
_cPND 65.00
020 _a041539144X
039 9 _y201011252214
_zVLOAD
040 _aNLI
_beng
_cDatasoft 1
_eAACR2
041 0 _aeng
044 _anyu
082 0 4 _a907.2
100 1 _aMunslow, Alun,
_d1947-
_9308009
245 1 0 _aDeconstructing history /
_cAlun Munslow
250 _a2nd ed.
260 _aNew York :
_bRoutledge,
_c2006
300 _avi, 248 p. ;
_c22 cm.
500 _aIncludes index
650 0 _aHistory
_xMethodology
_9201107
650 0 _aHistoriography
_9105827
650 0 _aHistory
_xPhilosophy
_9106129
650 0 _aNarration (Rhetoric)
_984359
650 0 _aLiterature and history
887 _a
901 _a553019
_b11.07.2006
902 _aE 907.2 M 927
942 _2ddc
_cBKS
949 _AVIRTUAITEM
_D10000
_X100
_6PUR000553019ENG
999 _aVIRTUA40
_c190813
_d190813